000
00224nam a22000977a 4500
999
_c
521565
_d
521565
082
_a
TNC T39 S64
100
_a
Singh, Naunihal
_9
35436
245
_a
International business
260
_a
New delhi
_b
Anmol
_c
1997
300
_a
468p.